000 00733nam a2200217 i 4500
001 16153
003 ES-MaACL
005 20251019063036.0
007 t|
008 000705s1999 sp ||||1| spa d
020 _a84-89691-67-3
080 _a821.134.2(83)-6"19"
100 1 _aMistral, Gabriela,
_d1889-1957
_9242376
245 1 0 _aCartas de amor y desamor /
_cGabriela Mistral ; prólogo y referencias Jaime Quezada ; selección y recopilación Sergio Fernández Larraín.
260 _aBarcelona :
_bAndrés Bello,
_c[1999]
300 _a250 p. ;
_c22 cm.
700 1 _aQuezada, Jaime.
_994606
700 1 _aFernández Larraín, Sergio.
_949864
852 _aES-MaACL
_jL-23422
_bR.128475
999 _c16153
_d16153